Statistics for British sea birds

Click here to take the quiz!

General Stats

  • This quiz has been taken 17 times
  • The average score is 11 of 16

Answer Stats

Answer% Correct
Puffin
100%
Cormorant
92%
Shag
92%
Eider
83%
Razor bill
83%
Common Gull
75%
Great black-backed gull
67%
Guillemot
67%
Kittiwake
67%
Arctic Tern
58%
Chough
58%
Fulmar
58%
Peregrine falcon
58%
Arctic Skua
42%
Manx Shearwater
42%
Gannet
25%

Score Distribution

Percentile by Number Answered

Percent of People with Each Score

Your Score History

You have not taken this quiz